Statistiques concernant Présidents des États-Unis

Cliquez ici pour prendre le quiz!

Statistiques générales

  • Ce quiz a été pris 43 805 fois
    (1 524 depuis la dernière actualisation)
  • Le résultat moyen est 23 sur 45

Statistiques - réponses

MandatPrésident% Correct
2021-Joe Biden
99%
2017-2021Donald Trump
99%
2009-2017Barack Obama
99%
2001-2009George W. Bush
96%
1989-1993George H.W. Bush
95%
1789-1797George Washington
92%
1993-2001Bill Clinton
91%
1961-1963John F. Kennedy
89%
1861-1865Abraham Lincoln
86%
1933-1945Franklin D. Roosevelt
82%
1901-1909Theodore Roosevelt
81%
1969-1974Richard Nixon
80%
1981-1989Ronald Reagan
77%
1977-1981Jimmy Carter
63%
1953-1961Dwight D. Eisenhower
63%
1963-1969Lyndon B. Johnson
62%
1865-1869Andrew Johnson
61%
1945-1953Harry Truman
60%
1974-1977Gerald R. Ford
58%
1801-1809Thomas Jefferson
57%
1825-1829John Quincy Adams
45%
1913-1921Woodrow Wilson
45%
1797-1801John Adams
45%
1929-1933Herbert Hoover
43%
1869-1877Ulysses S. Grant
38%
1829-1837Andrew Jackson
36%
1817-1825James Monroe
35%
1881James Garfield
29%
1809-1817James Madison
29%
1841William Henry Harrison
29%
1909-1913William Taft
28%
1923-1929Calvin Coolidge
28%
1885-1889, 1893-189Grover Cleveland
28%
1897-1901William McKinley
27%
1837-1841Martin Van Buren
26%
1889-1893Benjamin Harrison
26%
1845-1849James K. Polk
25%
1849-1850Zachary Taylor
24%
1881-1885Chester A. Arthur
23%
1857-1861James Buchanan
23%
1921-1923Warren Harding
22%
1877-1881Rutherford B. Hayes
22%
1841-1845John Tyler
21%
1853-1857Franklin Pierce
20%
1850-1853Millard Fillmore
20%

Distribution des résultats

Percentile par nombre de réponses

% des personnes avec chaque résultat

Votre développement - résultats

Vous n’avez pas pris ce quiz depuis la dernière actualisation